01380namaa2200361 i 4500003000900000005001700009008004100026020003500067020003900102040004300141043001200184082003700196092003700233099003200270100002900302245008300331264006100414300004600475336002100521337002500542338002300567500007600590504000600666541005000672600002100722600002900743650004200772651001000814905001000824942001900834999001900853952014600872EG-GICUC20260214115743.0260214s1997 wiuab||gr|||| 000 0 eng d a0299157342 qpbk. : alk. paper a9780299157340q(pbk. : alk. paper) aEG-GiCUCbengcEG-GiCUCdEG-GiCUCerda an-us---04221a973.0492756920922bA148 199704221a973.0492756920922bA148 1997 a973.0492756920922 A148 19971 aAbinader, ElmazeAuthor.10aChildren of the roojme : ba family's journey from Lebanon / cElmaz Abinader. aMadison, Wis. : bUniversity of Wisconsin Press, c1997. a303 pages :bIllustrations, maps ;c22 cm 2rdacontentatext 2rdamediaaUnmediated 2rdacarrieravolume a"First published in 1991 by W.W. Norton and Company, Inc."--T.p. verso. a. aDr. Jabir Usfour ; bCairo ; cGift ; d2024.30aAbinader family.10aAbinader, ElmazxFamily.1 aLebanese AmericansvBiography.2qrmak1 2qrmak aAsmaa 2ddccBKe21n0 c178437d178437 00102ddc4071aCUCLbcl410d2026-02-14i206649l0o973.0492756920922 A148 1997 J.U.p01000110206649000r2026-02-14 11:55:44w2026-02-14yBK